Alle kreisfreie Städte in Bayern - Statistiken

Allgemein
  • Dieses Quiz wurde 121 mal gespielt
  • Das Durchschnittsergebnis liegt bei 20 aus 25
Antwortstatistiken
Einwohnerzahl Regierungsbezirk Stadt % Korrekt
1.512.491 Oberbayern München
99%
523.026 Mittelfranken Nürnberg
99%
301.033 Schwaben Augsburg
96%
157.443 Oberpfalz Regensburg
96%
79.935 Oberfranken Bamberg
95%
141.029 Oberbayern Ingolstadt
95%
131.433 Mittelfranken Fürth
93%
127.810 Unterfranken Würzburg
93%
74.506 Oberfranken Bayreuth
90%
116.562 Mittelfranken Erlangen
90%
46.656 Oberfranken Hof (Saale)
89%
53.907 Niederbayern Passau
86%
72.444 Unterfranken Aschaffenburg
84%
54.675 Unterfranken Schweinfurt
84%
70.056 Schwaben Kempten (Allgäu)
82%
42.221 Mittelfranken Ansbach
79%
75.457 Niederbayern Landshut
79%
64.403 Oberbayern Rosenheim
78%
41.842 Oberfranken Coburg
75%
43.052 Oberpfalz Weiden in der Oberpfalz
63%
42.534 Oberpfalz Amberg
60%
45.857 Schwaben Memmingen
60%
49.164 Niederbayern Straubing
58%
45,792 Schwaben Kaufbeuren
55%
41.227 Mittelfranken Schwabach
49%
Keine übereinstimmenden Quizze gefunden
Verteilung der Resultate
Anzahl Personen mit jedem Resultat
Perzentil nach korrekt beantworteten Fragen
Ihre Resultats-Entwicklung
Sie haben dieses Quiz noch nicht gespielt